| 000 | 00000nas 2200000zi 4500 |
| 001 | 9.943307 |
| 003 | CaOODSP |
| 005 | 20250124105012 |
| 006 | m o d f |
| 007 | cr ||||||||||| |
| 008 | 240917d18681970oncar p o f0 a0eng|d |
| 022 | |z0704-1462 |
| 040 | |aCaOODSP|beng|erda|cCaOODSP |
| 043 | |an-cn--- |
| 086 | 1 |aS1E-PDF |
| 110 | 1 |aCanada.|bDepartment of the Secretary of State, |eauthor, |eissuing body |
| 245 | 10|aReport of the Secretary of State of Canada. |
| 260 | |aOttawa : |bDepartment of the Secretary of State, |c[1868-1970] |
| 310 | |aAnnual |
| 336 | |atext|btxt|2rdacontent |
| 337 | |acomputer|bc|2rdamedia |
| 338 | |aonline resource|bcr|2rdacarrier |
| 362 | 1 |aBegan with 1968; ceased with 1970. |
| 500 | |aIssued also in French under title : Rapport du Secrétariat d'État du Canada. |
| 500 | |aDigitized edition from print [produced by Government of Canada Publications Directorate]. |
| 515 | |aReport year ends March 31. |
| 610 | 10|aCanada.|bDepartment of the Secretary of State |vPeriodicals. |
| 651 | 0|aCanada|xPolitics and government|vPeriodicals. |
| 655 | 7|aPeriodicals|2lcgft |
| 775 | 08|tRapport du Secrétariat d'État du Canada.|w(CaOODSP)9.943306 |
| 785 | 00|tAnnual report for the year ending March 31 ... / |w(CaOODSP)9.943276 |